01627cam a2200373 a 4500001001400000003000800014005001700022006001900039007001500058008004100073020003800114040003000152049002600182050002200208082001500230245011600245246004100361260002700402300004300429520032000472521001700792588004700809504005100856650003300907650004500940650003800985655002901023700002601052710001601078776003501094856008901129942001601218999001901234EDZ0000019084StDuBDS20161031105132.0m||||||||d||||||||cr |||||||||||110107s2005 enka fo| 001|0|eng d a9781848608146 (ebook) :cNo price aStDuBDSbengcStDuBDSepn aAlfaisal Main Library 0aLC4801b.H36 200504a371.9422300aHandbook of emotional & behavioural difficultiesh[electronic resource] /cedited by Peter Clough ... [et al.].3 aEmotional & behavioural difficulties aLondon :bSAGE,c2005. a1 online resource (xv, 446 p.) :bill.8 aTo help the reader understand and help those suffering from EBDs this volume has three sections. The first views those with emotional and behavioural difficulties in relation to society in general, the second in terms of individual education systems and the last in terms of what these behaviours mean to sufferers. aSpecialized. aDescription based on print version record. aIncludes bibliographical references and index. 0aProblem childrenxEducation. 0aProblem childrenxBehavior modification. 0aAdjustment disorders in children. 7aElectronic books.2local1 aClough, Peter,d1949-2 aSage eBooks08iPrint version :z978076194066140uhttp://ezproxy.alfaisal.edu/login?url=http://sk.sagepub.com/reference/hdbk_behaviour 2lcccEBOOKS c480060d480060